Pick a Seafood Dish Quiz Stats

 Plays Quiz Updated Jun 18, 2019

Score 0/16 Timer 05:00
6 Plays Today
% Correct
Fried calamari
95.2%
Prawn cocktail
86.3%
Lobster roll
84.3%
Lobster bisque
83.7%
Paella de mariscos
83.5%
Singapore chilli crab
80.8%
Lobster Thermidor
74.7%
Seafood gumbo
74.5%
% Correct
Moules marinières
72.8%
Oysters Kilpatrick
71.4%
Har gow
66.4%
Tom yum goong
58.7%
Coquille St Jacques
57.3%
Angels on horseback
53.2%
Takoyaki
47.3%
Potted shrimp
42.1%

You're not logged in!

Compare scores with friends on all Sporcle quizzes.
OR
Log In

Sporcle TV

Today on Sporcle TV


Watch our educational content, quiz creation guides, and fun videos on Sporcle TV.

Show Comments

Extras

Top Quizzes Today


Score Distribution

Your Account Isn't Verified!

In order to create a playlist on Sporcle, you need to verify the email address you used during registration. Go to your Sporcle Settings to finish the process.

Report this User

Report this user for behavior that violates our Community Guidelines.

Details: